| 000 | 02793cam a2200505 i 4500 | ||
|---|---|---|---|
| 999 |
_c11294 _d11294 |
||
| 001 | 19278234 | ||
| 003 | GZU | ||
| 005 | 20240520122721.0 | ||
| 008 | 160916t20182018moua 000 0 eng | ||
| 010 | _a 2016042704 | ||
| 020 | _a9780323400701 (pbk. : alk. paper) | ||
| 020 | _a0323400701 (pbk. : alk. paper) | ||
| 022 | _a. | ||
| 035 | _a(DNLM)101692720 | ||
| 040 |
_aDNLM/DLC _beng _cDLC _erda _dDLC |
||
| 042 | _apcc | ||
| 050 | 1 | 0 |
_aR697 _bHOL 2018 |
| 060 | 1 | 0 | _aW 18.2 |
| 082 | 0 | 0 |
_a610.73/72076 _223 |
| 100 | 1 |
_aHolmes, Deborah E. Barbier, _eauthor. |
|
| 240 | 1 | 0 | _aSaunders medical assisting exam review |
| 245 | 1 | 0 |
_aElsevier's medical assisting exam review/ _cDeborah Barbier Holmes, BSN, RN, RMA (AMT), CMA-C (AAMA), Assistant to the Dean of Health and Sport Sciences, Medical Assistant Program Director, Iowa Western Community College, Council Bluffs, Iowa. |
| 246 | 1 | 0 | _aMedical assisting exam review |
| 250 | _aFifth edition. | ||
| 264 | 1 |
_aSt. Louis, Missouri: _bElsevier, _c[2018] |
|
| 264 | 4 | _c©2018 | |
| 300 |
_axi, 287 pages: _billustrations; _c28 cm |
||
| 336 |
_atext _2rdacontent |
||
| 337 |
_aunmediated _2rdamedia |
||
| 338 |
_avolume _2rdacarrier |
||
| 500 | _aPreceded by Saunders medical assisting exam review / Deborah E. Barbier Holmes. 4th edition. 2014. | ||
| 505 | 0 | _aMedical terminology -- Anatomy and physiology -- Diseases and disorders -- Growth and development -- Communication -- Law, ethics, and HIPPA -- Professionalism and career development -- Computer concepts, written communications, and mail processing -- Records management -- Patient reception -- Office management -- Finances -- Coding -- Health insurance -- Infection control and asepsis -- Vital signs and anthropometric measurements -- Assisting with the physical examination -- Assisting with medical specialties -- Nutrition and health promotion -- Therapeutic modalities and physical agents to promote tissue healing -- Radiography and diagnostic imaging -- Pharmacology, medication administration, and intravenous therapy -- Minor surgery -- Clinical laboratory -- First aid and office emergencies. | |
| 520 | _a. | ||
| 650 | 0 |
_aMedical assistants _xLicenses _zUnited States _xExaminations _vStudy guides. |
|
| 650 | 0 |
_aPhysicians' assistants _xLicenses _zUnited States _xExaminations _vStudy guides. |
|
| 650 | 0 |
_aMedical assistants _vExaminations, questions, etc. |
|
| 650 | 0 |
_aPhysicians' assistants _vExaminations, questions, etc. |
|
| 650 | 1 | 2 | _aPhysician Assistants |
| 650 | 2 | 2 | _aMedicine |
| 650 | 2 | 2 | _aPractice Management, Medical |
| 655 | 2 | _aExamination Questions | |
| 906 |
_a7 _bcbc _corignew _d1 _eecip _f20 _gy-gencatlg |
||
| 942 |
_2lcc _cBK _eFifth edition _h697 _iHOL _kR |
||